<?xml version="1.0" encoding="UTF-8"?><?xml-stylesheet type="text/xsl" href="static/style.xsl"?><OAI-PMH xmlns="http://www.openarchives.org/OAI/2.0/" xmlns:xsi="http://www.w3.org/2001/XMLSchema-instance" xsi:schemaLocation="http://www.openarchives.org/OAI/2.0/ http://www.openarchives.org/OAI/2.0/OAI-PMH.xsd"><responseDate>2026-06-05T04:28:29Z</responseDate><request verb="GetRecord" identifier="oai:riuma.uma.es:10630/31513" metadataPrefix="marc">https://riuma.uma.es/rest/oai/request</request><GetRecord><record><header><identifier>oai:riuma.uma.es:10630/31513</identifier><datestamp>2026-02-03T11:45:08Z</datestamp><setSpec>com_10630_2254</setSpec><setSpec>col_10630_37956</setSpec></header><metadata><record xmlns="http://www.loc.gov/MARC21/slim" xmlns:dcterms="http://purl.org/dc/terms/" xmlns:doc="http://www.lyncode.com/xoai" xmlns:xsi="http://www.w3.org/2001/XMLSchema-instance" xsi:schemaLocation="http://www.loc.gov/MARC21/slim http://www.loc.gov/standards/marcxml/schema/MARC21slim.xsd">
   <leader>00925njm 22002777a 4500</leader>
   <datafield ind2=" " ind1=" " tag="042">
      <subfield code="a">dc</subfield>
   </datafield>
   <datafield ind2=" " ind1=" " tag="720">
      <subfield code="a">Andrade-Marqués, María José</subfield>
      <subfield code="e">author</subfield>
   </datafield>
   <datafield ind2=" " ind1=" " tag="720">
      <subfield code="a">Jiménez-Morales, Eduardo</subfield>
      <subfield code="e">author</subfield>
   </datafield>
   <datafield ind2=" " ind1=" " tag="720">
      <subfield code="a">Cimadomo, Guido</subfield>
      <subfield code="e">author</subfield>
   </datafield>
   <datafield ind2=" " ind1=" " tag="720">
      <subfield code="a">Vargas-Díaz, Ingrid Carolina</subfield>
      <subfield code="e">author</subfield>
   </datafield>
   <datafield ind2=" " ind1=" " tag="260">
      <subfield code="c">2023</subfield>
   </datafield>
   <datafield ind2=" " ind1=" " tag="520">
      <subfield code="a">El patrimonio cultural juega en la actualidad un importante papel en las ciudades como activos económicos y sociales, considerándose un recurso para las estrategias de desarrollo local. Desde finales de los 90’, en toda Europa existe una sensibilidad y conciencia social sobre la importancia y el valor del Patrimonio Industrial. Las numerosas investigaciones sobre el mismo así lo atestiguan, con métodos científicos diversos y abundantes perspectivas y contenidos de estudio. &#xd;
como elementos de una red de actividades industriales coetáneas (Pardo,2010). Sin embargo, la museización y banalización de estos en el contexto del creciente turismo urbano pueden saturar y poner en peligro estos paisajes fuertemente arraigados a la memoria y al lugar.&#xd;
El presente capítulo recoge un estudio comparativo de dos astilleros de gran tamaño en localizaciones geográficas similares, pero con usos distintos y diferente forma de gestión de la RA: uno bottom-up frente al otro up-down. El primero corresponde al astillero NDSM de Ámsterdam, mientras que el segundo es el RDM de Rotterdam.</subfield>
   </datafield>
   <datafield ind1="8" ind2=" " tag="024">
      <subfield code="a">Andrade-Marqués, M.J., Jiménez Morales, E., Cimadomo, G., Vargas-Dïaz, I.C. (2023). La reutilización del patrimonio industrial portuario ante los desafíos de la ciudad contemporánea. En: Olivero Guidobono, S. y Paz Reverol C.L. (eds) Pueblos y culturas de la prehistoria a la actualidad. pp. 1208-1234. Madrid: Dykinson.</subfield>
   </datafield>
   <datafield ind1="8" ind2=" " tag="024">
      <subfield code="a">978-84-1122-829-9</subfield>
   </datafield>
   <datafield ind1="8" ind2=" " tag="024">
      <subfield code="a">https://hdl.handle.net/10630/31513</subfield>
   </datafield>
   <datafield tag="653" ind2=" " ind1=" ">
      <subfield code="a">Puertos - Aspectos sociales</subfield>
   </datafield>
   <datafield tag="653" ind2=" " ind1=" ">
      <subfield code="a">Patrimonio industrial</subfield>
   </datafield>
   <datafield ind2="0" ind1="0" tag="245">
      <subfield code="a">La reutilización del patrimonio industrial portuario ante los desafíos de la ciudad contemporánea.</subfield>
   </datafield>
</record>
</metadata></record></GetRecord></OAI-PMH>